Statistics for Archipelago Countries

Click here to take the quiz!

General Stats

  • This quiz has been taken 65 times
  • The average score is 14 of 18

Answer Stats

Answer% Correct
Philippines
98%
Japan
97%
Marshall Islands
85%
Maldives
83%
Federated States of Micronesia
81%
Samoa
81%
Comoros
80%
Fiji
80%
Vanuatu
80%
Bahamas
78%
Kiribati
78%
Seychelles
78%
Solomon Islands
78%
Tuvalu
76%
Cape Verde
75%
Tonga
75%
Mauritius
66%
Saint Vincent and the Grenadines
54%

Score Distribution

Percentile by Number Answered

Percent of People with Each Score

Your Score History

You have not taken this quiz